000 00391nam a2200157Ia 4500
008 210716s1996 xx 000 0 und d
020 _a8173710791
041 _aeng
082 _a658.312404 BRAP
100 _aBramley, Peter.
245 _aEvaluating training.
250 _a1
260 _aHyderabad
_bUniversities Press
_c1996
300 _a154
650 _aHuman Resource Development
999 _c198887
_d198887